Central Library OPAC University of Rajshahi

Religion in the Middle East : (Record no. 32416)

MARC details
000 -LEADER
fixed length control field 00915nam a2200265 a 4500
001 - CONTROL NUMBER
control field 32416
003 - CONTROL NUMBER IDENTIFIER
rucl marc code BD-RjUL
005 - DATE AND TIME OF LATEST TRANSACTION
control field 20211209051831.0
008 - FIXED-LENGTH DATA ELEMENTS--GENERAL INFORMATION
fixed length control field 140426s1969 enkabh b 00100 eng d
020 ## - INTERNATIONAL STANDARD BOOK NUMBER
International Standard Book Number 0521074002
035 ## - SYSTEM CONTROL NUMBER
System control number (BD-RjUL)32505
040 ## - CATALOGING SOURCE
Original cataloging agency LC
Language of cataloging eng
Transcribing agency LC
Modifying agency SL
-- BD-RjUL
041 ## - LANGUAGE CODE
Language code of text/sound track or separate title eng
082 00 - DEWEY DECIMAL CLASSIFICATION NUMBER
Classification number 200.956
Author mark and year REL V-2 1969
245 00 - TITLE STATEMENT
Title Religion in the Middle East :
Remainder of title three religions in concord and conflict /
Statement of responsibility, etc. general editor: A. J. Arberry.
Number of part/section of a work Volume 2 :
Name of part/section of a work Islam.
260 ## - PUBLICATION, DISTRIBUTION, ETC. (IMPRINT)
Place of publication, distribution, etc. London :
Name of publisher, distributor, etc. Cambridge University Press,
Date of publication, distribution, etc. 1969.
300 ## - PHYSICAL DESCRIPTION
Pagination xi, 749 p. :
Illustrations ill., facsim., maps. ;
Size 24 cm.
504 ## - BIBLIOGRAPHY, ETC. NOTE
Bibliography, etc Includes bibliography (v.2., p. 659-690) and index.
505 0# - FORMATTED CONTENTS NOTE
Formatted contents note v. 1. Judaism and Christianity -- v. 2. Islam.
651 #0 - SUBJECT ADDED ENTRY--GEOGRAPHIC NAME
Geographic name Middle East
General subdivision Religion.
9 (RLIN) 98612
700 1# - ADDED ENTRY--PERSONAL NAME
Personal name Arberry, A. J.
Dates associated with a name 1905-1969.
Fuller form of name (Arthur John),
942 ## - ADDED ENTRY ELEMENTS (KOHA)
Source of classification or shelving scheme Dewey Decimal Classification
Koha item type Books
Holdings
Lost status Source of classification or shelving scheme Damaged status Not for loan Collection code Permanent Location Current Location Shelving location Date acquired Source of acquisition Cost, normal purchase price Total Checkouts Full call number Date last seen Copy number Koha item type
  Dewey Decimal Classification   Not For Loan Non-fiction Central Library, University of Rajshahi Central Library, University of Rajshahi Reading Room 26/10/1970 Sweets & Zeitlinger 7.00   200.956 REL V-2 1969 26/04/2014 C-1 Books